La tutela dei diritti del minore
| VerfasserInnen: | ; |
|---|---|
| Medienart: | Druck Buch |
| Sprache: | Italienisch |
| Veröffentlicht: |
Roma
La Nuova Italia Scientifica
1984
|
| In: |
I tascabili NIS (92)
Jahr: 1984 |
| Ausgabe: | 1. ed. |
| Bestand in Tübingen: | In Tübingen vorhanden. UB: KB 7 E 498 |
| Verfügbarkeit prüfen: | HBZ Gateway |
| Subito Bestelldienst: | Jetzt bestellen. |
MARC
| LEADER | 00000cam a22000002c 4500 | ||
|---|---|---|---|
| 001 | 1090906145 | ||
| 003 | DE-627 | ||
| 005 | 20240710105303.0 | ||
| 007 | tu | ||
| 008 | 900705s1984 xx ||||| 00| ||ita c | ||
| 035 | |a (DE-627)1090906145 | ||
| 035 | |a (DE-576)020906145 | ||
| 035 | |a (DE-599)BSZ020906145 | ||
| 035 | |a (OCoLC)27066369 | ||
| 040 | |a DE-627 |b ger |c DE-627 |e rakwb | ||
| 041 | |a ita | ||
| 100 | 1 | |a Meucci, Gian Paolo |d 1919-1986 |0 (DE-588)1335204008 |0 (DE-627)1895023769 |4 aut | |
| 109 | |a Meucci, Gian Paolo 1919-1986 |a Meucci, Gian P. 1919-1986 |a Meucci, Giampaolo 1919-1986 | ||
| 245 | 1 | 3 | |a La tutela dei diritti del minore |
| 250 | |a 1. ed. | ||
| 264 | 1 | |a Roma |b La Nuova Italia Scientifica |c 1984 | |
| 300 | |a 127 S. | ||
| 336 | |a Text |b txt |2 rdacontent | ||
| 337 | |a ohne Hilfsmittel zu benutzen |b n |2 rdamedia | ||
| 338 | |a Band |b nc |2 rdacarrier | ||
| 490 | 1 | |a I tascabili NIS |v 92 | |
| 500 | |a [Children's rights] | ||
| 583 | 1 | |a Archivierung prüfen |c 20200919 |f DE-640 |z 1 |2 pdager | |
| 700 | 1 | |a Scarcella, Francesco |4 aut | |
| 830 | 2 | |a I tascabili NIS |v 92 |9 92 |w (DE-627)1090906102 |w (DE-576)020906102 |7 am | |
| 951 | |a BO | ||
| ELC | |b 1 | ||
| LOK | |0 000 xxxxxcx a22 zn 4500 | ||
| LOK | |0 001 2147099619 | ||
| LOK | |0 003 DE-627 | ||
| LOK | |0 004 1090906145 | ||
| LOK | |0 005 19900705000000 | ||
| LOK | |0 008 900705||||||||||||||||ger||||||| | ||
| LOK | |0 040 |a DE-21 |c DE-627 |d DE-21 | ||
| LOK | |0 852 |a DE-21 | ||
| LOK | |0 852 1 |c KB 7 E 498 |9 00 | ||
| LOK | |0 935 |a krim | ||
| LOK | |0 936ln |a k1 | ||
| LOK | |0 939 |a 05-07-90 |b l01 | ||
| ORI | |a SA-MARC-krimdoka001.raw | ||
| SIG | |a UB: KB 7 E 498 | ||
